Tribhuvan University Central Library

Hindu places of pilgrimage in India (a study in cultural geography) / (Record no. 57477)

MARC details
000 -LEADER
fixed length control field 00981 a2200325 4500
001 - CONTROL NUMBER
control field 4575417
003 - CONTROL NUMBER IDENTIFIER
control field OSt
005 - DATE AND TIME OF LATEST TRANSACTION
control field 20120907091355.0
008 - FIXED-LENGTH DATA ELEMENTS--GENERAL INFORMATION
fixed length control field 741031s1973 ii a b 001 0 eng
010 ## - LIBRARY OF CONGRESS CONTROL NUMBER
LC control number 74186312
020 ## - INTERNATIONAL STANDARD BOOK NUMBER
International Standard Book Number 0520021355
040 ## - CATALOGING SOURCE
Original cataloging agency DLC
Transcribing agency DLC
Modifying agency DLC
043 ## - GEOGRAPHIC AREA CODE
Geographic area code a-ii---
050 00 - LIBRARY OF CONGRESS CALL NUMBER
Classification number BL1227.A1
Item number B495 1973b
082 00 - DEWEY DECIMAL CLASSIFICATION NUMBER
Classification number 294.538 / B312h
100 1# - MAIN ENTRY--PERSONAL NAME
Personal name Bhardwaj, Surinder Mohan.
9 (RLIN) 16734
245 10 - TITLE STATEMENT
Title Hindu places of pilgrimage in India (a study in cultural geography) /
Statement of responsibility, etc Surinder Mohan Bhardwaj.
260 ## - PUBLICATION, DISTRIBUTION, ETC. (IMPRINT)
Place of publication, distribution, etc Delhi,
Name of publisher, distributor, etc Thomson Press;
Date of publication, distribution, etc 1973.
300 ## - PHYSICAL DESCRIPTION
Extent xvi, 258 p.
Other physical details illus.
Dimensions 25 cm.
350 ## - PRICE (NR) (BK AM CF MU VM SE) [OBSOLETE]
Price Rs48.00
504 ## - BIBLIOGRAPHY, ETC. NOTE
Bibliography, etc Bibliography: p. 233-247.
650 #0 - SUBJECT ADDED ENTRY--TOPICAL TERM
Topical term or geographic name as entry element Pilgrims and pilgrimages
Geographic subdivision India.
9 (RLIN) 16735
650 #0 - SUBJECT ADDED ENTRY--TOPICAL TERM
Topical term or geographic name as entry element Hindu shrines
Geographic subdivision India.
9 (RLIN) 16736
650 #0 - SUBJECT ADDED ENTRY--TOPICAL TERM
Topical term or geographic name as entry element Sacred places
Geographic subdivision India.
9 (RLIN) 16745
650 #0 - SUBJECT ADDED ENTRY--TOPICAL TERM
Topical term or geographic name as entry element Mahabharata.
9 (RLIN) 1392
653 ## - INDEX TERM--UNCONTROLLED
Uncontrolled term Tirthas.
653 ## - INDEX TERM--UNCONTROLLED
Uncontrolled term Puran.
906 ## - LOCAL DATA ELEMENT F, LDF (RLIN)
a 7
b cbc
c orignew
d 4
e ncip
f 19
g y-gencatlg
942 ## - ADDED ENTRY ELEMENTS (KOHA)
Source of classification or shelving scheme Dewey Decimal Classification
Koha item type General Collections
Holdings
Withdrawn status Lost status Source of classification or shelving scheme Damaged status Not for loan Home library Current library Date acquired Total Checkouts Total Renewals Full call number Barcode Date last seen Date checked out Price effective from Koha item type
    Dewey Decimal Classification     Tribhuvan University Central Library Tribhuvan University Central Library 02/14/2011 5 9 294.5/3/8 62087 03/17/2021 12/07/2020 02/14/2011 General Collections